| 000 -LEADER | |
|---|---|
| fixed length control field | 00415nam a22001697a 4500 |
| 005 - DATE AND TIME OF LATEST TRANSACTION | |
| control field | 20181006115222.0 |
| 008 - FIXED-LENGTH DATA ELEMENTS--GENERAL INFORMATION | |
| fixed length control field | 181006b xxu||||| |||| 00| 0 eng d |
| 020 ## - INTERNATIONAL STANDARD BOOK NUMBER | |
| ISBN | 978-81-8487-174-6 |
| 041 ## - LANGUAGE CODE | |
| Language code of text/sound track or separate title | eng |
| 082 ## - DEWEY DECIMAL CLASSIFICATION NUMBER | |
| Classification number | 006.42 |
| 100 ## - MAIN ENTRY--AUTHOR NAME | |
| Personal name | Ghosh,S. K |
| 245 ## - TITLE STATEMENT | |
| Title | Digital Image Processing |
| 260 ## - PUBLICATION, DISTRIBUTION, ETC. (IMPRINT) | |
| Place of publication | New Delhi |
| Name of publisher | Narosa Publishing House |
| Year of publication | 2013 |
| 300 ## - PHYSICAL DESCRIPTION | |
| Number of Pages | 10.23 |
| 650 ## - SUBJECT ADDED ENTRY--TOPICAL TERM | |
| Topical Term | Computer |
| 942 ## - ADDED ENTRY ELEMENTS (KOHA) | |
| Koha item type | Books |
| Lost status | Damaged status | Home library | Current library | Shelving location | Date acquired | Source of acquisition | Cost, normal purchase price | Full call number | Accession Number | Koha item type | Collection code |
|---|---|---|---|---|---|---|---|---|---|---|---|
| JRU Library | SHELF-6-D | 06/10/2018 | Purchase | 325.00 | 006.42 | 22424 | Books | ||||
| JRU Library | JRU Library | SHELF-51-I | 06/10/2018 | PURCHASE | 325.00 | 006.42 | 22425 | Books | CS/IT | ||
| Lost and Paid For | JRU Library | SHELF-5-D | 06/10/2018 | Purchase | 325.00 | 006.42 | 22426 | Books | |||
| JRU Library | JRU Library | SHELF-51-I | 06/10/2018 | PURCHASE | 325.00 | 006.42 | 22427 | Books | CS/IT | ||
| JRU Library | JRU Library | SHELF-51-I | 06/10/2018 | PURCHASE | 325.00 | 006.42 | 22428 | Books | CS/IT | ||
| JRU Library | JRU Library | SHELF-51-I | 06/10/2018 | PURCHASE | 325.00 | 006.42 | 22429 | Books | CS/IT |